| 000 | 00563nam a2200157Ia 4500 | ||
|---|---|---|---|
| 005 | 20250417121900.0 | ||
| 008 | 231217s9999 xx 000 0 und d | ||
| 020 | _a9788178817132 | ||
| 082 | _a658.1 MIS.6;2 R1 | ||
| 100 | _aMishra, Chandra Sekhar. Chandradhara Panda ed. | ||
| 245 | 0 | _aProceedings of the international conference, 2004 on business and finance V.6 : international finance and asset pricing | |
| 260 |
_c2005 _bIcfai _aHyderabad |
||
| 300 | _aviii, 192 | ||
| 650 | _aconference,,2004,business,finance,V.6,finance,asset,pricing | ||
| 942 | _cAA | ||
| 999 |
_c188167 _d188167 |
||